| 000 | 00521nam a2200181 i 4500 | ||
|---|---|---|---|
| 001 | 83484 | ||
| 003 | ES-MaACL | ||
| 005 | 20250725062535.0 | ||
| 007 | t| | ||
| 008 | 041117s1971 sp a |||| | spa d | ||
| 245 | 0 | 0 |
_aIntroducción a las ciencias físicas / _c[traducida por J. Aguilar Peris]. |
| 260 |
_aBarcelona : _bReverti, _c1971. |
||
| 300 |
_a2 v. : _bil. ; _c22 cm. |
||
| 650 | 0 | 7 |
_aFísica _2embne _912877 |
| 700 | 1 |
_aAguilar Peris, José. _918743 |
|
| 852 |
_aES-MaACL _jC-42745-46 |
||
| 999 |
_c83484 _d83484 |
||